00613 a2200181 450000100060000002000150000604000220002110000310004324000350007424500300010930000070013936200090014665000230015594200070017895201130018595201160029899900170041456965 a8502018795 cAnchieta - Pituba aNicolelis, Giselda Laporta10aO mistério mora ao ladolpor10aO mistério mora ao lado a950 a1996 4aLiteratura juvenil cBK 00104070a91.1b91.1d2023-11-21l0oLJ 028.5 N642m NIC MISp6734/PITr2023-11-21 18:24:33w2023-11-21yBK 00102udc4070a39.1b39.1d2024-07-19l0o028.5 N642mp9285/CCPr2024-07-19 13:21:56tEx. 1w2024-07-19yBKu c56965d56965